| 000 | 01338cam a2200349 4500 | ||
|---|---|---|---|
| 001 | J125862 | ||
| 008 | 040419n2004 000 0 eng u | ||
| 035 | _a(Sirsi) u125862 | ||
| 041 | _aeng | ||
| 050 |
_a347.4107 _c18 |
||
| 100 | _aBucklow, Amanda | ||
| 245 |
_aFocus on mediation _bMarch 2004 [sound recording] |
||
| 260 |
_aLondon _bRICS _c2004 |
||
| 300 | _a1 audio CD | ||
| 350 | _a15 | ||
| 490 | _aRICS Soundtrack | ||
| 520 | _aMediation is a cost-effective, assisted negotiation designed to resolve business disputes; it gives a good chance of avoiding lengthy and expensive litigation. This CD discusses a case study of a professional negligence dispute that was resolved through mediation. It also includes an overview of other dispute resolution processes and a legal update on recent cases affecting mediation. | ||
| 650 | _aMEDIATION | ||
| 650 | _aALTERNATIVE DISPUTE RESOLUTION | ||
| 650 | _aPROFESSIONAL NEGLIGENCE | ||
| 690 |
_aDispute resolution _96236 |
||
| 700 | _aGoodlad, Grant | ||
| 700 | _aGunn, Jane | ||
| 700 | _aHanley, Yvonne | ||
| 700 | _aMiles, David | ||
| 700 | _aRichbell, David | ||
| 700 | _aRogers, Beverley Ann | ||
| 700 | _aRoxborough, Iain | ||
| 710 |
_aRoyal Institution of Chartered Surveyors _94900 |
||
| 710 |
_aMediation and Training Alternatives _94624 |
||
| 942 | _n0 | ||
| 999 |
_c103484 _d103484 |
||